Statistics for NBA 2k20 All-Decade Teams

Click here to take the quiz!

General Stats

  • This quiz has been taken 8,539 times
  • The average score is 17 of 20

Answer Stats

GroupMember% Correct
2010's TeamLebron James
99%
2000's TeamLebron James
99%
1990's TeamMichael Jordan
99%
1980's TeamMichael Jordan
99%
2000's TeamKobe Bryant
96%
2000's TeamShaquille O'Neal
96%
2010's TeamStephen Curry
96%
1980's TeamMagic Johnson
93%
2010's TeamKevin Durant
91%
1980's TeamLarry Bird
91%
1990's TeamHakeem Olajuwon
87%
2000's TeamTim Duncan
87%
1990's TeamScottie Pippen
86%
2010's TeamJames Harden
84%
2000's TeamAllen Iverson
80%
1990's TeamKarl Malone
80%
1980's TeamMoses Malone
80%
2010's TeamDwight Howard
78%
1990's TeamJohn Stockton
77%
1980's TeamKevin McHale
48%

Score Distribution

Percentile by Number Answered

Percent of People with Each Score

Your Score History

You have not taken this quiz